00681nam a2200205 i 4500001000300000100002100003245009300024250003500117260003600152300002600188504001400214650004700228700001800275020001500293040000800308041000700316080001300323008004100336856009800377bg1 aILNICKI, Mariusz10aPrawo działalności gospodarczej :bkomentarz /cMariusz Paweł Ilnicki, Jacek Wolski. aStan prawny na 1 lipca 2000 r. aKraków :b"Zakamycze",c2000. a237, [1] s. ;c21 cm. aBibliogr. 9aPrawo gospodarczezPolskaystan na 2000 r.1 aWOLSKI, Jacek a8388551523 cBPK0 apl a346(438) s pl f |000 0 pol  uhttp://koha.tu.koszalin.pl/cgi-bin/koha/opac-detail.pl?biblionumber=38964yKatalog online BPK